Sports en image par lettre - M / N - Statistiques

Statistiques générales
  • Ce quiz a été pris 107 fois
  • Le résultat moyen est 8 sur 12
Statistiques - réponses
Par images Réponse % Correct
Marathon
98%
Motocross
98%
Musculation
98%
Natation
94%
Minigolf
92%
MMA
89%
Motoneige
87%
Marche nordique
44%
Monobasket
30%
Nunchaku
24%
Netball
7%
Mountainboard
2%
Aucun quiz correspondant
Distribution des résultats
% des personnes avec chaque résultat
Percentile par nombre de réponses
Votre historique - résultats
Vous n’avez pas pris ce quiz